000 00880 a2200205 4500
001 25210
005 20260407155535.0
008 260407a1974 arg spa d
003 AR-UNSa-BCEJYS
040 _aAR-UNSa-BCEJYS
_bspa
_cAR-UNSa-BCEJYS
080 _a519.2
_xProbabilidades y estadística matemática
245 1 0 _aElementos de inferencia estadística
264 1 _aMéxico :
_bLimusa
_c1974
300 _a300 p.
_c25 cm.
505 _a1. Procedimientos básicos - 2. Poblaciones y muestras - 3. Estimaciones - 4. Prueba de hipótesis - 5. Diferencias entre mdias - 6. Diferencia entre dos varancias o varias medias - 7. Relación entre dos conjuntos de medicions - 8. Pruebas para distribuciones - 9. Efectos combinados de dos variables.
942 _cBK
590 _aniveau_biblio:m niveau_hierar:0
100 1 _aKoosis, Donald J.
700 1 _aColadarci, Arthur P.
999 _c1319
_d1319